000 00417nam a2200145 4500
003 OSt
082 _a664
_bASH/UL
088 _aT635
100 _aAshitha Thomas
_97086
245 _aUltrasound assisted supercritical CO2 extraction of carotenoids from gac fruit /
260 _aTavanur :
_bDepartment of Processing & Food Engineering,
_c2025.
300 _a140p.
700 _aSudheer K. P (Guide)
_96188
942 _cTH
999 _c19313
_d19313